[Event "CZE-chT2 9899"]
[Site "CZE"]
[Date "1998.??.??"]
[Round "?"]
[White "Spacek, Petr"]
[Black "Cech, Pavel"]
[Result "1-0"]
[WhiteElo "2395"]
[BlackElo "2360"]
[PlyCount "81"]
[EventDate "1998.??.??"]
[Source "www.chesslib.no"]
[SourceDate "2004.05.04"]

1. Nf3 Nf6 2. d4 d5 3. c4 e6 4. Bg5 c6 5. e3 Nbd7 6. Nc3 Be7 7. Rc1 O-O 8. Qc2 Re8 9. a3 b6 10. Bd3 Bb7 11. O-O h6 12. Bh4 Rc8 13. Rfd1 dxc4 14. Bxc4 Nd5 15. Bg3 b5 16. Be2 Qb6 17. Nxd5 exd5 18. Qf5 Qd8 19. Bd3 g6 20. Qh3 Kg7 21. Bf4 Rh8 22. Ne5 Nf8 23. Qf3 Qe8 24. e4 Ne6 25. Be3 Ng5 26. Bxg5 Bxg5 27. Rc2 f6 28. Nxg6 Qxg6 29. exd5 f5 30. Bxf5 Qf6 31. h4 Bxh4 32. Qg4+ Bg5 33. f4 Rcf8 34. fxg5 Qxf5 35. gxh6+ Kxh6 36. Qxf5 Rxf5 37. dxc6 Bc8 38. d5 Rg5 39. d6 Bf5 40. Rcd2 Be4 41. d7 1-0

[Event "Bundesliga 8485"]
[Site "Germany"]
[Date "1985.??.??"]
[Round "?"]
[White "Gruen, Peter"]
[Black "Grzesik, Thomas"]
[Result "0-1"]
[WhiteElo "2400"]
[BlackElo "2345"]
[PlyCount "74"]
[EventDate "1984.10.??"]
[Source "ChessBase"]
[SourceDate "1999.07.01"]

1. d4 Nf6 2. Nf3 d5 3. c4 e6 4. Bg5 Be7 5. Nc3 Nbd7 6. e3 O-O 7. Rc1 c6 8. a3 Re8 9. Qc2 b6 10. cxd5 exd5 11. Bd3 Bb7 12. O-O Nf8 13. Ne5 N6d7 14. Bf4 Nxe5 15. dxe5 Ng6 16. Bg3 Bh4 17. Bxh4 Qxh4 18. f4 Rad8 19. Rf3 Qe7 20. Rh3 d4 21. Ne4 dxe3 22. Rf1 c5 23. Rxe3 Rd4 24. Qe2 Bxe4 25. Bxe4 Qh4 26. g3 Qd8 27. Bc6 Re7 28. e6 Rd2 29. Qe1 Qd4 30. Rf2 Rd1 31. Kg2 Rxe1 32. Rxe1 Rxe6 33. Rxe6 fxe6 34. Bf3 Ne7 35. h3 Nf5 36. Kh2 Qd3 37. Kg2 Nd4 0-1

[Event "BL2-O9697"]
[Site "Germany"]
[Date "1996.??.??"]
[Round "?"]
[White "Meister, Peter"]
[Black "Bartsch, Berthold"]
[Result "1-0"]
[WhiteElo "2385"]
[BlackElo "2345"]
[PlyCount "83"]
[EventDate "1996.10.??"]
[Source "www.chesslib.no"]
[SourceDate "2004.05.04"]

1. d4 Nf6 2. c4 e6 3. Nf3 d5 4. Nc3 Nbd7 5. Bg5 Be7 6. e3 c6 7. Qc2 O-O 8. Rc1 Re8 9. a3 dxc4 10. Bxc4 Nd5 11. Ne4 h6 12. Bxe7 Qxe7 13. Ne5 f5 14. Nd2 Nxe5 15. dxe5 Qc7 16. Bxd5 exd5 17. f4 Bd7 18. Qd3 Qb6 19. Nb3 Rac8 20. Nc5 Qc7 21. b4 a5 22. O-O axb4 23. axb4 b6 24. Nb3 Be6 25. Nd4 Qd7 26. Rfd1 Rc7 27. Rc2 Rec8 28. Qa6 b5 29. Rdc1 Ra7 30. Qb6 Rb7 31. Qc5 Kh7 32. Ra2 Bf7 33. Ra6 Be8 34. Ra5 Rcc7 35. Rca1 Qf7 36. Ra8 Re7 37. Qc2 g6 38. Qc5 h5 39. h3 Rec7 40. Kh2 Kg7 41. Rd8 Rd7 42. e6 1-0

[Event "BL2-W 9091"]
[Site "GER"]
[Date "1990.??.??"]
[Round "?"]
[White "Heinbuch, Detlef"]
[Black "Sonntag, Hans-Hubert"]
[Result "1/2-1/2"]
[WhiteElo "2350"]
[BlackElo "2375"]
[PlyCount "159"]
[EventDate "1990.10.??"]
[Source "www.chesslib.no"]
[SourceDate "2004.05.04"]

1. c4 e6 2. Nc3 d5 3. d4 Be7 4. Nf3 Nf6 5. Bg5 O-O 6. e3 Nbd7 7. Rc1 c6 8. Qc2 Ne4 9. Bxe7 Qxe7 10. Bd3 f5 11. O-O Ndf6 12. Ne5 Nd7 13. Nxd7 Bxd7 14. f3 Nxc3 15. Qxc3 Be8 16. Rf2 Rd8 17. f4 Bd7 18. c5 Ra8 19. b4 Rfb8 20. Rb1 a6 21. a4 Qe8 22. Rfb2 Ra7 23. h3 Qd8 24. Qe1 Rc8 25. Kh2 Be8 26. Qe2 Bd7 27. Ra2 Be8 28. Rg1 Qh4 29. Qf1 Qf6 30. Qe2 Qh4 31. g4 Qf6 32. Qe1 Bg6 33. g5 Qf7 34. Qf2 Bh5 35. Rga1 Rca8 36. b5 axb5 37. axb5 Rxa2 38. Rxa2 Qe8 39. b6 h6 40. gxh6 gxh6 41. Ra7 Rb8 42. Qh4 Qg6 43. Qg3 Qxg3+ 44. Kxg3 Be8 45. Be2 Bf7 46. Kh4 Kg7 47. Kg3 Kf6 48. Kf2 Be8 49. Ke1 Kg6 50. Kd2 Bd7 51. Kc3 Bc8 52. Ra1 Bd7 53. Kb4 Kf6 54. Kb3 Rg8 55. Ra7 Rb8 56. Bh5 Ke7 57. Ra2 Rg8 58. Ra7 Bc8 59. Ra8 Kd7 60. Bf7 Rf8 61. Bh5 Rg8 62. Kc3 Ke7 63. Be2 Kd8 64. Bh5 Kd7 65. Kd3 Rg7 66. Ke2 Kd8 67. Kf3 Kd7 68. Be8+ Kd8 69. Kf2 Re7 70. Bxc6 bxc6 71. Kg3 Kd7 72. Kh4 Bb7 73. Rb8 Ba6 74. Ra8 Bb7 75. Rb8 Ba6 76. Kh5 Rg7 77. Ra8 Bb7 78. Rb8 Ba6 79. Ra8 Bb7 80. Rb8 1/2-1/2

[Event "Corr"]
[Site "?"]
[Date "2000.??.??"]
[Round "?"]
[White "Aleshnia Valery Valentinovic"]
[Black "Keskowski Thilo"]
[Result "1/2-1/2"]
[WhiteElo "2388"]
[BlackElo "2329"]
[PlyCount "71"]
[EventDate "2000.??.??"]
[Source "www.chesslib.no"]
[SourceDate "2004.05.04"]

1. d4 d5 2. c4 e6 3. Nc3 Nf6 4. Nf3 Be7 5. Bg5 Nbd7 6. e3 O-O 7. Rc1 c6 8. a3 Re8 9. Qc2 a6 10. h3 h6 11. Bf4 dxc4 12. Bxc4 b5 13. Ba2 c5 14. dxc5 Nxc5 15. Bb1 Bb7 16. O-O Nce4 17. Rfd1 Qb6 18. Be5 Nxc3 19. Bxc3 Bxf3 20. gxf3 Rac8 21. Qe2 Red8 22. f4 Nd5 23. Bd4 Rxc1 24. Rxc1 Qb8 25. Be5 Bd6 26. Bxd6 Rxd6 27. Qc2 g6 28. Qc8+ Qxc8 29. Rxc8+ Kg7 30. Ba2 Nxe3 31. fxe3 Rd1+ 32. Kf2 Rd2+ 33. Kf3 Rxb2 34. Bxe6 fxe6 35. Ra8 Kf6 36. Rxa6 1/2-1/2

[Event "Santa Barbara d'Oeste tt"]
[Site "Santa Barbara d'Oeste "]
[Date "1998.??.??"]
[Round "3"]
[White "Disconzi da Silva, Rodrigo"]
[Black "Trindade, Sandro Heleno"]
[Result "1/2-1/2"]
[WhiteElo "2350"]
[BlackElo "2365"]
[PlyCount "57"]
[EventDate "1998.??.??"]
[Source "www.chesslib.no"]
[SourceDate "2004.05.04"]

1. d4 d5 2. c4 e6 3. Nc3 Nf6 4. Bg5 c6 5. e3 Nbd7 6. Nf3 Be7 7. Rc1 O-O 8. Qc2 Re8 9. a3 h6 10. Bh4 dxc4 11. Bxc4 Nd5 12. Bg3 N7f6 13. Ba2 Qa5 14. Bb1 Nxc3 15. Qxc3 Qxc3+ 16. Rxc3 Nd7 17. O-O Bf6 18. Rd1 Bd8 19. Bd6 Be7 20. Bc7 Bd8 21. Bg3 Bf6 22. Rcc1 e5 23. h3 exd4 24. Nxd4 g6 25. a4 a5 26. e4 Be5 27. f4 Bh8 28. e5 Nb6 29. Be4 1/2-1/2

[Event "San Sebastian Open"]
[Site "San Sebastian ESP"]
[Date "1991.??.??"]
[Round "4"]
[White "Eslon, Jaan"]
[Black "Fernandez Aguado, Juan Luis"]
[Result "1-0"]
[WhiteElo "2390"]
[BlackElo "2315"]
[PlyCount "59"]
[EventDate "1991.03.??"]
[Source "www.chesslib.no"]
[SourceDate "2004.05.04"]

1. d4 Nf6 2. c4 e6 3. Nf3 d5 4. Bg5 Be7 5. Nc3 O-O 6. e3 Nbd7 7. Rc1 c6 8. Qc2 h6 9. Bh4 a6 10. a3 dxc4 11. Bxc4 b5 12. Ba2 Re8 13. O-O Bb7 14. Rfd1 Qc7 15. Bb1 Nf8 16. Qe2 Qb6 17. Bxf6 Bxf6 18. Ne4 Be7 19. Ne5 Rad8 20. b4 f6 21. Nd3 Kh8 22. Nec5 Bc8 23. Nb3 Bd6 24. Na5 Bd7 25. Qf3 e5 26. dxe5 fxe5 27. Qe4 Re6 28. Nxc6 Qb7 29. Nc5 Bxc5 30. Nxd8 1-0

[Event "GRE-chT"]
[Site "Athens"]
[Date "1996.??.??"]
[Round "5"]
[White "Nikolaidis, Ioannis"]
[Black "Drakopoulos, Anastasios"]
[Result "1/2-1/2"]
[WhiteElo "2585"]
[BlackElo "2120"]
[PlyCount "51"]
[EventDate "1996.??.??"]
[Source "ChessBase"]

1. d4 d5 2. c4 e6 3. Nf3 Nf6 4. Nc3 Be7 5. Qc2 O-O 6. Bg5 c6 7. e3 Nbd7 8. Rc1 h6 9. Bh4 a6 10. Bg3 dxc4 11. Bxc4 b5 12. Be2 c5 13. dxc5 Bxc5 14. O-O Bb7 15. Rfd1 Qb6 16. Qb1 Be7 17. Nd2 Rac8 18. Bf3 Bxf3 19. gxf3 Qb7 20. Nde4 b4 21. Nxf6+ Nxf6 22. Ne4 Rxc1 23. Rxc1 Rc8 24. Rxc8+ Qxc8 25. Kg2 Qc4 26. Nxf6+ 1/2-1/2

[Event "Reykjavik op"]
[Site "Reykjavik"]
[Date "1982.??.??"]
[Round "?"]
[White "Kuligowski, Adam"]
[Black "Erlingsson, Jonas Petur"]
[Result "1-0"]
[WhiteElo "2465"]
[BlackElo "2225"]
[PlyCount "69"]
[EventDate "1982.02.??"]
[Source "ChessBase"]

1. d4 Nf6 2. c4 e6 3. Nf3 d5 4. Bg5 Be7 5. Nc3 O-O 6. e3 Nbd7 7. Rc1 c6 8. Qc2 Re8 9. a3 Nf8 10. Bd3 Ng6 11. O-O dxc4 12. Bxc4 Nd5 13. Bxe7 Qxe7 14. Bd3 Bd7 15. Rfd1 Rec8 16. g3 Nf6 17. Na4 b6 18. Rb1 c5 19. dxc5 Bxa4 20. Qxa4 Rxc5 21. b4 Rc7 22. Qa6 e5 23. Bxg6 hxg6 24. Rbc1 Rxc1 25. Rxc1 e4 26. Ng5 Qd7 27. Qc4 Re8 28. Qc7 Qd5 29. h4 Ng4 30. Qc8 Nf6 31. Rc7 a5 32. bxa5 bxa5 33. Qb7 Qd1+ 34. Kg2 Nh7 35. Rc1 1-0

[Event "Porto Mannu"]
[Site "Palau ITA"]
[Date "2007.05.20"]
[Round "2.10"]
[White "Rombaldoni, Denis"]
[Black "Glienke, Manfred"]
[Result "1/2-1/2"]
[WhiteElo "2368"]
[BlackElo "2312"]
[PlyCount "133"]
[EventDate "2007.05.19"]
[Source "www.chesslib.no"]
[SourceDate "2004.05.04"]

1. d4 d5 2. c4 e6 3. Nf3 Nf6 4. Nc3 Be7 5. Bg5 O-O 6. e3 Nbd7 7. Rc1 c6 8. Qc2 Ne4 9. Bxe7 Qxe7 10. Bd3 f5 11. O-O Rf6 12. Ne1 Rh6 13. Bxe4 fxe4 14. f3 Nf6 15. h3 exf3 16. Nxf3 Bd7 17. Ne5 Be8 18. Rf2 Bg6 19. Qb3 Rh5 20. Qa3 Qxa3 21. bxa3 dxc4 22. Kh2 b5 23. g4 Rxe5 24. dxe5 Nd7 25. Rd1 Bd3 26. Ne4 Nxe5 27. Nc5 Re8 28. Kg3 h6 29. e4 a5 30. Kf4 Rf8+ 31. Ke3 Rxf2 32. Kxf2 Kf7 33. Ke3 Ke7 34. Nb7 Kd7 35. Kd4 Nf3+ 36. Ke3 Ne5 37. Kd4 Nf3+ 38. Kc5 Ng5 39. e5 Kc7 40. Nd6 Nxh3 41. a4 Nf2 42. Rg1 bxa4 43. Nxc4 Ne4+ 44. Kd4 Bxc4 45. Kxc4 Nd2+ 46. Kd3 Nf3 47. Rg3 Nxe5+ 48. Ke4 Kd6 49. Ra3 Nxg4 50. Rxa4 Nf6+ 51. Kd3 Kc5 52. Rxa5+ Kb6 53. Re5 Nd7 54. Re1 Kb5 55. Kc3 e5 56. Rg1 g5 57. Rh1 Nb6 58. Rxh6 Nd5+ 59. Kb3 e4 60. Re6 e3 61. Re4 Ka5 62. a3 Kb5 63. Kc2 Ka5 64. Kd3 Kb5 65. Rg4 Ka5 66. Rxg5 Ka4 67. Rxd5 1/2-1/2

[Event "URS-chT"]
[Site "Riga"]
[Date "1975.??.??"]
[Round "?"]
[White "Rytov, Boris"]
[Black "Nevednichy, Boris M"]
[Result "1-0"]
[WhiteElo "2480"]
[BlackElo "2200"]
[PlyCount "83"]
[EventDate "1975.??.??"]
[Source "ChessBase"]

1. d4 Nf6 2. Nf3 e6 3. Bg5 d5 4. e3 Be7 5. c4 c6 6. Nc3 Nbd7 7. Qc2 O-O 8. Rc1 Re8 9. Bd3 Nf8 10. O-O dxc4 11. Bxc4 Nd5 12. Bxe7 Qxe7 13. e4 Nxc3 14. Qxc3 Nd7 15. Rfd1 b5 16. Bb3 Bb7 17. e5 a6 18. Bc2 h6 19. Be4 Rec8 20. Nd2 Rc7 21. Nb3 Rd8 22. Nc5 Nxc5 23. dxc5 Rxd1+ 24. Rxd1 Rd7 25. Rd6 Rxd6 26. cxd6 Qd7 27. Qc5 f5 28. Bf3 Kf7 29. Qa7 g6 30. Qb8 Kg7 31. Qc7 Qxc7 32. dxc7 g5 33. Bxc6 Bc8 34. b4 h5 35. f4 h4 36. g3 hxg3 37. hxg3 Kh6 38. Be8 gxf4 39. gxf4 Kg7 40. Kg2 Kf8 41. Bc6 Ke7 42. Kf3 1-0

[Event "Capablanca mem-C 13th"]
[Site "Cienfuegos City CUB"]
[Date "1976.05.24"]
[Round "8"]
[White "Fernandez, Ciro A"]
[Black "Pinal, Nelson Borges"]
[Result "1/2-1/2"]
[WhiteElo "2360"]
[BlackElo "2315"]
[PlyCount "72"]
[EventDate "1976.05.17"]
[Source "www.chesslib.no"]
[SourceDate "2004.05.04"]

1. Nf3 Nf6 2. c4 e6 3. Nc3 d5 4. d4 Be7 5. Bg5 O-O 6. e3 Nbd7 7. Rc1 c6 8. Qc2 h6 9. Bh4 dxc4 10. Bxc4 Ne8 11. Bg3 Bd6 12. a3 Qe7 13. Ne4 Bxg3 14. Nxg3 e5 15. O-O Nd6 16. Ba2 e4 17. Nd2 Nf6 18. Bb1 Re8 19. Rce1 g6 20. f3 exf3 21. Rxf3 Nh7 22. Rff1 Be6 23. Nf3 Nc4 24. Nd2 Nxd2 25. Qxd2 Rad8 26. Qc3 Bd5 27. e4 Be6 28. Nf5 Qf8 29. Ne3 Qg7 30. Rd1 Nf6 31. d5 Bg4 32. Qxf6 Qxf6 33. Rxf6 Bxd1 34. Nxd1 cxd5 35. exd5 Rxd5 36. Nc3 Rd2 1/2-1/2

[Event "Wch U16"]
[Site "?"]
[Date "2002.11.19"]
[Round "6"]
[White "Pixton Aaron"]
[Black "Brunello Sabino"]
[Result "1/2-1/2"]
[WhiteElo "2443"]
[BlackElo "2223"]
[PlyCount "89"]
[EventDate "2002.??.??"]
[Source "www.chesslib.no"]
[SourceDate "2004.05.04"]

1. d4 d5 2. c4 e6 3. Nc3 Nf6 4. Bg5 Be7 5. e3 O-O 6. Nf3 Nbd7 7. Rc1 c6 8. Qc2 dxc4 9. Bxc4 Nd5 10. Bxe7 Qxe7 11. O-O Nxc3 12. Qxc3 b6 13. Rfd1 Bb7 14. Be2 Rfc8 15. Rc2 c5 16. Qa3 Qf8 17. dxc5 Nxc5 18. Rdc1 Be4 19. Rc3 a5 20. Nd2 Bd5 21. Nc4 Ne4 22. Qxf8+ Kxf8 23. R3c2 Bxc4 24. Rxc4 Rxc4 25. Rxc4 Nc5 26. a3 Ke7 27. Kf1 e5 28. f4 f6 29. Bf3 Rd8 30. Ke2 exf4 31. exf4 f5 32. g3 g6 33. b4 axb4 34. axb4 Ne6 35. Ke3 Rd7 36. Rc6 Rd6 37. Rc8 b5 38. Be2 Rd4 39. Rc7+ Kf6 40. Rxh7 Rxb4 41. Rb7 Rb3+ 42. Kd2 Rb2+ 43. Ke3 Rb3+ 44. Kd2 Rb2+ 45. Ke3 1/2-1/2

[Event "Vijnce Toth mem"]
[Site "Rio de Janeiro"]
[Date "1999.02.08"]
[Round "9"]
[White "Matsuura, Everaldo"]
[Black "Miranda, Marcio MC"]
[Result "1/2-1/2"]
[WhiteElo "2380"]
[BlackElo "2285"]
[PlyCount "22"]
[EventDate "1999.01.??"]
[Source "ChessBase"]
[SourceDate "1999.03.01"]

1. d4 d5 2. c4 e6 3. Nc3 Nf6 4. Nf3 Be7 5. Bg5 Nbd7 6. e3 c6 7. Rc1 O-O 8. Qc2 h6 9. Bf4 dxc4 10. Bxc4 Nd5 11. Bg3 Nxc3 1/2-1/2

[Event "Sunny Beach"]
[Site "?"]
[Date "2006.09.03"]
[Round "2.6"]
[White "Karakehajov Kalin"]
[Black "Dimitrov Radoslav"]
[Result "1-0"]
[WhiteElo "2451"]
[BlackElo "2213"]
[PlyCount "69"]
[EventDate "2006.??.??"]
[Source "www.chesslib.no"]
[SourceDate "2004.05.04"]

1. d4 d5 2. Nf3 Nf6 3. c4 e6 4. Nc3 c6 5. Bg5 Be7 6. e3 Nbd7 7. Rc1 O-O 8. Qc2 h6 9. Bh4 dxc4 10. Bxc4 b5 11. Be2 Bb7 12. O-O a6 13. Rfd1 Qc7 14. Ne4 Nxe4 15. Bxe7 Rfe8 16. Bb4 Nd6 17. Ne5 Rac8 18. Bf3 Nxe5 19. dxe5 Nc4 20. Bd6 Qb6 21. b3 Nxd6 22. exd6 Red8 23. b4 Rd7 24. Rd4 Rcd8 25. Rcd1 a5 26. a3 Rc8 27. h4 f5 28. Qb3 Kf7 29. e4 g6 30. h5 Kf6 31. e5+ Kf7 32. hxg6+ Kg7 33. Qxe6 Qd8 34. Qxf5 c5 35. e6 1-0

[Event "Esbjerg"]
[Site "Esbjerg"]
[Date "1978.??.??"]
[Round "4"]
[White "Hoi, Carsten"]
[Black "Rodgaard, John"]
[Result "1/2-1/2"]
[WhiteElo "2340"]
[BlackElo "2320"]
[PlyCount "106"]
[EventDate "1978.07.??"]
[Source "ChessBase"]

1. d4 e6 2. c4 d5 3. Nc3 Be7 4. Nf3 Nf6 5. Bg5 O-O 6. e3 Nbd7 7. Rc1 c6 8. Qc2 Ne4 9. Bxe7 Qxe7 10. cxd5 Nxc3 11. Qxc3 exd5 12. Bd3 a5 13. O-O Nf6 14. a3 Ne4 15. Bxe4 Qxe4 16. Nd2 Qg6 17. Kh1 a4 18. Qb4 b5 19. Nf3 Qe6 20. Ne5 Bd7 21. Rc3 Be8 22. Rfc1 Ra6 23. Nd3 Ra8 24. Qc5 f5 25. Qb6 Rc8 26. Nf4 Qd6 27. Qc5 Rd8 28. Qxd6 Rxd6 29. Nd3 Rff6 30. f4 Kf8 31. Ne5 Ke7 32. Kg1 Kd8 33. Kf2 Kc7 34. h3 Rh6 35. b3 axb3 36. Rxb3 Kb6 37. a4 Rd8 38. axb5 cxb5 39. Ra3 Rb8 40. Rc5 Rd6 41. Nd3 Bc6 42. Nb4 Rc8 43. Rac3 Rc7 44. Rc2 g6 45. R2c3 Rc8 46. Nxd5+ Rxd5 47. Rxd5 b4 48. Rc1 Bxd5 49. Rxc8 b3 50. Rc1 Be4 51. Rc3 Bd5 52. Rc1 Be4 53. Rc3 Bc2 1/2-1/2

[Event "Mendrisio Open"]
[Site "Mendrisio SUI"]
[Date "1988.??.??"]
[Round "5"]
[White "Kelecevic, Nedeljko"]
[Black "Bellini, Fabio"]
[Result "1/2-1/2"]
[WhiteElo "2380"]
[BlackElo "2280"]
[PlyCount "81"]
[EventDate "1988.10.??"]
[Source "www.chesslib.no"]
[SourceDate "2004.05.04"]

1. d4 d5 2. Nf3 Nf6 3. c4 e6 4. Nc3 Be7 5. Bg5 O-O 6. e3 Nbd7 7. Rc1 c6 8. a3 Re8 9. Qc2 a6 10. h3 h6 11. Bf4 dxc4 12. Bxc4 b5 13. Ba2 Bb7 14. O-O c5 15. dxc5 Bxf3 16. gxf3 Bxc5 17. Rfd1 Qb6 18. Ne4 Nxe4 19. fxe4 Qb7 20. b4 Bf8 21. Qc7 Qxc7 22. Rxc7 Nf6 23. e5 Nh5 24. Rdd7 a5 25. bxa5 Rxa5 26. Rxf7 Rxa3 27. Ra7 Rxa7 28. Rxa7 g5 29. Bh2 Ng7 30. Rb7 b4 31. Kg2 Be7 32. h4 Kf7 33. hxg5 hxg5 34. Kf3 Rc8 35. Bg3 Rc2 36. Bb1 Rc4 37. Bd3 Rc3 38. Ke2 Nh5 39. Bh2 Rc1 40. Be4 g4 41. Bf4 1/2-1/2

[Event "BRA Ch"]
[Site "Brasilia BRA"]
[Date "1994.01.??"]
[Round "2"]
[White "Disconzi da Silva, Rodrigo"]
[Black "Pelikian, Jefferson"]
[Result "1/2-1/2"]
[WhiteElo "2360"]
[BlackElo "2295"]
[PlyCount "84"]
[EventDate "1994.??.??"]
[Source "www.chesslib.no"]
[SourceDate "2004.05.04"]

1. Nf3 Nf6 2. c4 e6 3. d4 d5 4. Nc3 Be7 5. Bg5 O-O 6. e3 Nbd7 7. Rc1 c6 8. Qc2 Re8 9. a3 a6 10. Bd3 dxc4 11. Bxc4 Nd5 12. Ne4 h6 13. Bxe7 Qxe7 14. O-O N5f6 15. Rfd1 Nf8 16. Ne5 Nxe4 17. Qxe4 Bd7 18. Rc3 Rad8 19. Qc2 Bc8 20. Ba2 f6 21. Ng6 Nxg6 22. Qxg6 Qf7 23. Qc2 g6 24. b4 Kg7 25. a4 Bd7 26. h3 Rf8 27. Rcd3 Qe7 28. Qc5 Rf7 29. Bc4 Bc8 30. Ba2 f5 31. f4 Qf6 32. Qe5 g5 33. Kf2 Re7 34. a5 Ree8 35. Kf3 Rf8 36. g3 Kf7 37. Qxf6+ Kxf6 38. R3d2 Rd7 39. Rg1 Rg7 40. Rdg2 Bd7 41. Kf2 Rb8 42. Rb1 Rbg8 1/2-1/2

[Event "EST-ch"]
[Site "Tallinn"]
[Date "2000.05.04"]
[Round "6"]
[White "Sergejev, Roman"]
[Black "Kovaljov, Denis"]
[Result "1-0"]
[WhiteElo "2377"]
[BlackElo "2275"]
[PlyCount "101"]
[EventDate "2000.04.27"]
[Source "ChessBase"]
[SourceDate "2000.05.11"]

1. Nf3 d5 2. d4 Nf6 3. c4 e6 4. Nc3 Nbd7 5. Bg5 Be7 6. e3 O-O 7. Qc2 c6 8. Rc1 Re8 9. a3 a5 10. h3 dxc4 11. Bxc4 Nd5 12. Bxe7 Qxe7 13. Ne2 N5f6 14. Ng3 h6 15. Ne5 Nd5 16. Ne4 Nf8 17. O-O f6 18. Nf3 Kh8 19. Rfd1 e5 20. dxe5 Bf5 21. Nd4 Bh7 22. Bd3 Qxe5 23. Nc5 Rab8 24. Bxh7 Nxh7 25. Nd7 Qc7 26. Nxb8 Qxb8 27. Nf3 Nf8 28. Qc5 Qd8 29. Nd4 Qd7 30. Qxa5 Ng6 31. Qc5 Qf7 32. Nf3 f5 33. g3 f4 34. Rxd5 cxd5 35. exf4 Re2 36. Rc2 Nxf4 37. Rxe2 Nxe2+ 38. Kg2 Qe6 39. Qc2 Qa6 40. Qc8+ Kh7 41. Qf5+ Qg6 42. Nh4 Qxf5 43. Nxf5 d4 44. Kf3 Ng1+ 45. Kg2 Ne2 46. Kf1 d3 47. Ke1 Ng1 48. Nd6 b6 49. Nc4 Nf3+ 50. Kd1 b5 51. Nd6 1-0

[Event "Budapest FS06 IM"]
[Site "Budapest"]
[Date "1999.06.07"]
[Round "3"]
[White "Magyar, Otto"]
[Black "Lengyel, Bela"]
[Result "1/2-1/2"]
[WhiteElo "2300"]
[BlackElo "2350"]
[PlyCount "27"]
[EventDate "1999.06.??"]
[Source "ChessBase"]
[SourceDate "1999.07.10"]

1. d4 d5 2. c4 e6 3. Nc3 Nf6 4. Bg5 Nbd7 5. e3 Be7 6. Nf3 O-O 7. Rc1 c6 8. Qc2 h6 9. Bh4 Re8 10. Be2 a6 11. O-O b5 12. cxd5 cxd5 13. Bg3 Bb7 14. Nb1 1/2-1/2

[Event "SWE-ch"]
[Site "Lulea"]
[Date "1980.??.??"]
[Round "?"]
[White "Ornstein, Axel"]
[Black "Fridh, Anton"]
[Result "1-0"]
[WhiteElo "2450"]
[BlackElo "2200"]
[PlyCount "67"]
[EventDate "1980.07.05"]
[Source "ChessBase"]

1. d4 d5 2. c4 e6 3. Nc3 Nf6 4. Bg5 Be7 5. Nf3 Nbd7 6. e3 O-O 7. Qc2 c6 8. Rc1 h6 9. Bh4 b6 10. cxd5 exd5 11. Bd3 c5 12. O-O Bb7 13. Bf5 Re8 14. Rfd1 g6 15. Bxd7 Nxd7 16. Bxe7 Qxe7 17. dxc5 Nxc5 18. Nxd5 Qd8 19. b4 Ne6 20. Nc7 Qxc7 21. Qxc7 Nxc7 22. Rxc7 Bc8 23. Nd4 Kf8 24. Rdc1 Rd8 25. R1c6 Bd7 26. Rd6 Ke8 27. h4 h5 28. Kh2 Ke7 29. Rd5 Ke8 30. Kg3 a6 31. Rd6 b5 32. Kf4 a5 33. bxa5 Rxa5 34. Rdxd7 1-0

[Event "Gongyos Matra op 25th"]
[Site "?"]
[Date "2002.08.01"]
[Round "9.1"]
[White "Prokopisin Vasily"]
[Black "Chetverik Maxim"]
[Result "1/2-1/2"]
[WhiteElo "2332"]
[BlackElo "2316"]
[PlyCount "28"]
[EventDate "2002.??.??"]
[Source "www.chesslib.no"]
[SourceDate "2004.05.04"]

1. d4 d5 2. c4 e6 3. Nc3 Nf6 4. Bg5 Be7 5. e3 O-O 6. Nf3 Nbd7 7. Rc1 c6 8. Qc2 h6 9. Bh4 Re8 10. Bd3 dxc4 11. Bxc4 Nd5 12. Bxe7 Qxe7 13. O-O Nxc3 14. Qxc3 e5 1/2-1/2

[Event "Kamen Piskov Memorial 3rd"]
[Site "Ruse"]
[Date "1983.??.??"]
[Round "3"]
[White "Grkov, Dimitar"]
[Black "Gunev, Zlatan"]
[Result "1/2-1/2"]
[WhiteElo "2330"]
[BlackElo "2310"]
[PlyCount "78"]
[EventDate "1983.06.??"]
[Source "www.chesslib.no"]
[SourceDate "2004.05.04"]

1. d4 Nf6 2. c4 e6 3. Nc3 d5 4. Nf3 Be7 5. Bg5 O-O 6. e3 Nbd7 7. Rc1 c6 8. Qc2 Ne4 9. Bxe7 Qxe7 10. Bd3 f5 11. O-O Rf6 12. Ne1 Rh6 13. Bxe4 fxe4 14. f3 e5 15. fxe4 exd4 16. exd4 dxc4 17. b3 Nb6 18. bxc4 Nxc4 19. Qe2 Nb6 20. Nf3 Bg4 21. h3 Bxf3 22. Rxf3 Rf8 23. Rxf8+ Qxf8 24. Rf1 Rf6 25. Rxf6 Qxf6 26. Qd3 Qf4 27. Ne2 Qf7 28. Qa3 Nc8 29. Qa5 b6 30. Qe5 Qe7 31. Qf4 Qf7 32. Qg4 Nd6 33. Ng3 Qg6 34. Qf3 Qf7 35. Qg4 Qg6 36. Qf4 Qf6 37. Qe3 Qe6 38. Qf4 Qf6 39. Qe3 Qe6 1/2-1/2

[Event "Oberliga Nord N 9596"]
[Site "GER"]
[Date "1995.??.??"]
[Round "?"]
[White "Lamprecht, Frank"]
[Black "Kalinin, Michael"]
[Result "1-0"]
[WhiteElo "2385"]
[BlackElo "2250"]
[PlyCount "85"]
[EventDate "1995.10.??"]
[Source "www.chesslib.no"]
[SourceDate "2004.05.04"]

1. d4 d5 2. c4 e6 3. Nc3 Nf6 4. Bg5 Be7 5. e3 O-O 6. Nf3 Nbd7 7. Rc1 c6 8. Qc2 h6 9. Bh4 Nh5 10. Bxe7 Qxe7 11. a3 Nhf6 12. Be2 dxc4 13. Bxc4 e5 14. O-O exd4 15. exd4 Nb6 16. Ba2 Qd6 17. Ne4 Qf4 18. Rfe1 Nxe4 19. Rxe4 Qf6 20. Qc5 Qf5 21. Rce1 Qxc5 22. dxc5 Nd5 23. Bxd5 cxd5 24. Re7 Rb8 25. Nd4 Bg4 26. f3 Bh5 27. R1e5 Bg6 28. Rxd5 Rbd8 29. Rdd7 Kh7 30. Nb5 Bf5 31. Rxd8 Rxd8 32. Nd6 Be6 33. Rxb7 a5 34. b4 axb4 35. axb4 Kg6 36. b5 Ra8 37. b6 Ra2 38. c6 Rd2 39. Ne4 Rd1+ 40. Kf2 Rc1 41. c7 f5 42. Nd6 Rc6 43. Rb8 1-0

[Event "HUN-chT1 9596"]
[Site "HUN"]
[Date "1996.??.??"]
[Round "8"]
[White "Karsa, Laszlo"]
[Black "Kovacs, Elod"]
[Result "1-0"]
[WhiteElo "2390"]
[BlackElo "2245"]
[PlyCount "78"]
[EventDate "1995.??.??"]
[Source "www.chesslib.no"]
[SourceDate "2004.05.04"]

1. Nf3 Nf6 2. d4 d5 3. c4 e6 4. Bg5 Be7 5. Nc3 O-O 6. e3 Nbd7 7. Rc1 c6 8. Qc2 Re8 9. a3 a6 10. h3 Nh5 11. Bxe7 Qxe7 12. Bd3 g6 13. O-O Nb6 14. b3 Nd7 15. a4 a5 16. Qd2 Kg7 17. e4 dxc4 18. Bxc4 e5 19. dxe5 Nxe5 20. Nxe5 Qxe5 21. f4 Qe7 22. e5 Rd8 23. Qe3 Kf8 24. f5 f6 25. Rce1 g5 26. e6 b5 27. axb5 cxb5 28. Nd5 Rxd5 29. Bxd5 Rb8 30. Bf3 Nf4 31. Kh2 Bb7 32. Rd1 Qc7 33. Kh1 Bxf3 34. Qxf3 h5 35. Rd7 Qc5 36. Rf7+ Ke8 37. Rd1 Rd8 38. Rxf6 Rxd1+ 39. Qxd1 Qc7 1-0

[Event "Magistral ITT ENDESA"]
[Site "Santiago CHI"]
[Date "2007.10.03"]
[Round "8"]
[White "Casafus, R."]
[Black "Luconi, C."]
[Result "1-0"]
[WhiteElo "2337"]
[BlackElo "2297"]
[PlyCount "87"]
[EventDate "2007.09.26"]
[Source "www.chesslib.no"]
[SourceDate "2004.05.04"]

1. d4 Nf6 2. c4 e6 3. Nf3 Bb4+ 4. Bd2 Be7 5. Nc3 d5 6. Bg5 c6 7. e3 Nbd7 8. Qc2 O-O 9. Rc1 Re8 10. a3 h6 11. Bf4 dxc4 12. Bxc4 Nd5 13. Bg3 Nxc3 14. Qxc3 Bf6 15. O-O a6 16. Rfd1 Qe7 17. Bd3 Nf8 18. e4 Ng6 19. Bb1 Nh4 20. e5 Bg5 21. Bxh4 Bxh4 22. Qd3 g6 23. Rc3 Bg5 24. Qe4 h5 25. h4 Bh6 26. g4 hxg4 27. Qxg4 Kg7 28. h5 Rf8 29. Kh1 Rh8 30. Rg1 Bd7 31. Bxg6 Kf8 32. Nh4 Ke8 33. Rf3 Rf8 34. Bxf7+ Rxf7 35. Ng6 Qd8 36. Rxf7 Kxf7 37. Qf3+ Ke8 38. Rg4 c5 39. d5 exd5 40. Rf4 Bc6 41. Rf8+ Bxf8 42. Qxf8+ Kd7 43. Qd6+ Ke8 44. Qe6+ 1-0